Il latino per le vacanze : ad uso delle scuole medie inferiori

Gespeichert in:
Bibliographische Detailangaben
1. Verfasser: Andreoli, Aurelio (VerfasserIn)
Weitere Verfasser: Ciancio, Francesco Bocchini, Giulio
Format: Buch
Sprache:Italienisch
Erschienen: Roma : Albrighi, Segati e C., 1935
Ausgabe:2. edizione
Katalog:EDISCO:  Suchergebnis im Bibliothekskatalog
Schulbuchspezifische Eigenschaften:
Schlagworte:
Tags: Tag hinzufügen
Keine Tags, Fügen Sie den ersten Tag hinzu!
Hinzugefügt zu:30.04.2016
Geändert in:17.04.2018

MARC

LEADER 00000aam a22000005 4500
001 09177
003 OSt
005 20180417145613.0
008 160501s1935 it 000 0 ita
999 |c 9166  |d 9166 
040 |c Elena Facco - Padova - CUBI 
041 1 |a ita 
100 1 |a Andreoli, Aurelio  |e Author  |9 931 
245 0 0 |a Il latino per le vacanze :   |b ad uso delle scuole medie inferiori /   |c Aurelio Andreoli, Francesco Ciancio, Giulio Bocchini 
250 |a 2. edizione 
260 |a Roma :  |b Albrighi, Segati e C.,  |c 1935 
300 |a 64 p., 1/x ;   |c in 8° 
500 |a Comprende: Parte 1.  
510 3 |a L. 3.50 
546 |a ita 
650 |a Latino  |9 17 
655 |a Libro per le vacanze  |9 932 
690 |a Secondaria inferiore  |x Media  |9 333 
700 |a Ciancio, Francesco   |9 933  |a Bocchini, Giulio  |9 934 
901 |a 5 
942 |2 ddc  |c BK 
999 |c edisco:9166  |d 9166